000 01173cam a2200277 a 4500
008
020 _a1881294935 (pbk.)
049 _aMAIN
090 _aGE1
100 1 _aRogers, Adam.
245 1 4 _aThe Earth Summit :
_ba planetary reckoning /
_cAdam Rogers witha forewordby Noel Brown and an afterwood by DR.David Suzuki
260 _aLos Angeles, CA :
_bGlobal View Press,
_cc1993.
300 _a351 p. :
_bill. ;
_c23 cm.
500 _aReport on and analysis of the United Nations Conference on Environment and Development held in 1992 in Rio de Janeiro.
504 _aIncludes bibliographical references.
500 _aIncludes index.
611 2 0 _aUnited Nations Conference on Environment and Development
_d(1992 :
_cRio de Janeiro, Brazil)
650 0 _aEnvironmental policy
_xInternational cooperation
_xCongresses.
650 0 _aEnvironmental law, International
_xCongresses.
711 2 _aUnited Nations Conference on Environment and Development
_d(1992 :
_cRio de Janeiro, Brazil)
907 _a.b10201312
_b06-12-07
_c08-05-06
003
005 20230120203929.0
040 _cNUST
942 _cBOOKS
_kGE1
999 _c114065
_d114065